| 000 | 00627nam a2200229Ia 4500 | ||
|---|---|---|---|
| 003 | OSt | ||
| 005 | 20220925203619.0 | ||
| 006 | a|||||r|||| 00| 0 | ||
| 007 | ta | ||
| 008 | 220923b |||||||| |||| 00| 0 eng d | ||
| 020 | _a014022789X | ||
| 037 | _cGeneral Book | ||
| 040 |
_aRTL _cRTL _beng |
||
| 041 |
_2eng _aeng |
||
| 082 | _aX755.1(Y:4).N88, M8/SC | ||
| 100 |
_aGEORGE Susan _9129978 |
||
| 245 | 0 | _aFate worse than debt | |
| 260 |
_aEngland _bPenguin books _c1988 |
||
| 300 |
_axi,290p. _ccm. |
||
| 942 |
_hX755.1(Y:4).N88, M8/SC _cGB _2CC |
||
| 999 |
_c547179 _d547179 |
||